அரபு மக்களின் வரலாறு - arapu makkaḷiṉ varalāṟu 1 (பட்டப் படிப்பிற்குரியது) திருத்தப்பட்ட பாடத்திட்டத்தின்படி வெளியிடப்படுகின்றது. ஆசிரியர் தி. வை.சொக்கப்பா. (Record no. 601558)

MARC details
000 -LEADER
fixed length control field 00946nam a2200157Ia 4500
008 - FIXED-LENGTH DATA ELEMENTS--GENERAL INFORMATION
fixed length control field 251208s9999 xx 000 0 und d
100 ## - MAIN ENTRY--AUTHOR NAME
Personal name சொக்கப்பா, தி. வை. - cokkappā, ti. vai.
245 #0 - TITLE STATEMENT
Title அரபு மக்களின் வரலாறு - arapu makkaḷiṉ varalāṟu 1 (பட்டப் படிப்பிற்குரியது) திருத்தப்பட்ட பாடத்திட்டத்தின்படி வெளியிடப்படுகின்றது. ஆசிரியர் தி. வை.சொக்கப்பா.
246 ## - VARYING FORM OF TITLE
Title proper/short title History of the Arabs
250 ## - EDITION STATEMENT
Edition statement முதல் பதிப்பு
260 ## - PUBLICATION, DISTRIBUTION, ETC. (IMPRINT)
Place of publication சென்னை :
Name of publisher தமிழ்நாட்டுப் பாடநூல் நிறுவனம்,
Year of publication 1977
300 ## - PHYSICAL DESCRIPTION
Number of Pages 160 p., [1] leaf of plate
650 ## - SUBJECT ADDED ENTRY--TOPICAL TERM
Topical Term வரலாறு
942 ## - ADDED ENTRY ELEMENTS (KOHA)
Koha item type Reference
Holdings
Withdrawn status Lost status Damaged status Not for loan Home library Current library Shelving location Date acquired Full call number Accession Number Price effective from Koha item type
        Anna Centenary Library Anna Centenary Library COMPETITIVE SECTION - SEVENTH FLOOR 08.12.2025 909.04927 CHO G015191 08.12.2025 Reference

Find us on the map